| Tag |
First Indicator |
Second Indicator |
Subfields |
| LEADER |
00000cem a22000007a 4500 |
| 001 |
in00000002718 |
| 005 |
20151007050752.0 |
| 008 |
990111s1999 xxu f000 0 eng d |
| 035 |
|
|
|a (OCoLC)
|
| 035 |
|
|
|a tmp97138649
|
| 035 |
|
|
|9 AJD7633AM
|
| 040 |
|
|
|a MvI
|c MvI
|d UtOrBLW
|
| 049 |
|
|
|a MAPS
|
| 074 |
|
|
|a 0856-A-01
|
| 086 |
0 |
|
|a PREX 3.10/4:K 84/25
|
| 245 |
0 |
0 |
|a Kosovo Administrative Divisions, Base 802614ai, (R02194), November 1998.
|
| 264 |
|
1 |
|a [Place of publication not identified] :
|b [publisher not identified],
|c [1999?]
|
| 336 |
|
|
|a cartographic image
|b cri
|2 rdacontent
|
| 337 |
|
|
|a unmediated
|b n
|2 rdamedia
|
| 338 |
|
|
|a unspecified
|b zu
|2 rdacarrier
|
| 500 |
|
|
|a Shipping List #: 99-0093-P
|
| 500 |
|
|
|a Shipping List Date: 01/05/99
|
| 500 |
|
|
|a Cartographic material.
|
| 710 |
1 |
|
|a United States.
|b Central Intelligence Agency.
|
| 948 |
|
|
|d 20000216
|
| 999 |
|
|
|a MARS
|
| 999 |
f |
f |
|s 0cf566c4-8be0-3f43-9f89-d60e4c51dba7
|i 6a4e9b71-5718-35d7-ad41-11e974b25a1d
|t 0
|
| 952 |
f |
f |
|p normal
|a Texas A&M University
|b College Station
|c Sterling C. Evans Library
|d Evans: Maps (2nd floor)
|t 0
|e G6853.K6 1998.U5
|h Library of Congress classification
|i unspecified -- unspecified
|m A14824680675
|
| 998 |
f |
f |
|a G6853.K6 1998.U5
|t 0
|l Evans: Maps (2nd floor)
|